Ciclos de conferencias 2004-2005 en La Casa Encendida. (Record no. 175405)

MARC details
000 -LEADER
campo de control de longitud fija 00956nam a2200241 4500
001 - NÚMERO DE CONTROL
campo de control 175405
003 - IDENTIFICADOR DE NÚMERO DE CONTROL
campo de control ES-MaACL
005 - FECHA Y HORA DE LA ÚLTIMA TRANSACCIÓN
campo de control 20230906215823.0
008 - DATOS DE LONGITUD FIJA--INFORMACIÓN GENERAL
campo de control de longitud fija 101027s2007 sp ap |||| | spa d
080 ## - NÚMERO DE LA CLASIFICACIÓN DECIMAL UNIVERSAL
Número de la Clasificación Decimal Universal 659.3:32
080 ## - NÚMERO DE LA CLASIFICACIÓN DECIMAL UNIVERSAL
Número de la Clasificación Decimal Universal 316.77:355
245 00 - MENCIÓN DEL TÍTULO
Título Ciclos de conferencias 2004-2005 en La Casa Encendida.
246 14 - FORMA VARIANTE DEL TITULO
Título propio/Titulo breve Globalización y medios de comunicación
Resto del título : ciclo de conferencias
260 ## - PUBLICACIÓN, DISTRIBUCIÓN, ETC.
Lugar de publicación, distribución, etc. Valencia :
Nombre del editor, distribuidor, etc. Cybermonde,
Fecha de publicación, distribución, etc. [2007]
300 ## - DESCRIPCIÓN FÍSICA
Extensión 95 p. :
Otras características físicas il. col. ;
Dimensiones 30 cm.
505 8# - NOTA DE CONTENIDO CON FORMATO
Nota de contenido con formato Contiene: Ciclo año 2004: Tendendias globales y medios de comunicación. Ciclo año 2005: Conflictos y medios de comunicación.
596 ## - NOTA AL PIE DE IMPRENTA
NOTA AL PIE DE IMPRENTA En port.: Le Monde Diplomatique, ed. española.
597 ## - NOTA DE DESCRIPCIÓN FÍSICA
NOTA DE DESCRIPCIÓN FÍSICA Texto a dos columnas.
650 07 - PUNTO DE ACCESO ADICIONAL DE MATERIA--TÉRMINO DE MATERIA
Término de materia o nombre geográfico como elemento de entrada Medios de comunicación social-
Subdivisión general Aspectos políticos.
9 (RLIN) 14964
650 #7 - PUNTO DE ACCESO ADICIONAL DE MATERIA--TÉRMINO DE MATERIA
Término de materia o nombre geográfico como elemento de entrada Guerra-
Subdivisión general En los medios de comunicación social.
9 (RLIN) 143733
710 2# - ENTRADA AGREGADA--NOMBRE DE ENTIDAD CORPORATIVA
Nombre de entidad corporativa o nombre de jurisdicción como elemento de entrada La Casa Encendida.
9 (RLIN) 143734
852 ## - LOCALIZACIÓN
Ubicación ES-MaACL
Número de control de estantería 2281-F-24
Holdings
Estatus retirado Estado de pérdida Estado de daño No para préstamo Colección Biblioteca de origen Biblioteca actual Ubicación en estantería Fecha de adquisición Fuente de adquisición Total de préstamos Signatura topográfica completa Código de barras Visto por última vez Precio de reemplazo Tipo de ítem Koha
        Colección de folletos Biblioteca del Ateneo de Madrid Biblioteca del Ateneo de Madrid Depósito folletos 26/10/2010     2281-F-24 1184179 23/02/2023 23/02/2023 Folleto